A magyar föld urai regény /

Elmentve itt :
Bibliográfiai részletek
Szerző: Móricz Pál
Dokumentumtípus: Könyv
Megjelent: Engel Lajos kiadása Szeged, Magyarország 1898
Kulcsszavak:Magyar irodalom - regény
Tárgyszavak:
Online Access:http://misc.bibl.u-szeged.hu/57591
LEADER 00670nam a2200193 i 4500
001 misc57591
005 20210510204606.0
008 210510s1898 hu o 0|| hun d
040 |a SZTE Miscellanea Repozitórium  |b hun 
041 |a hun 
100 1 |a Móricz Pál 
245 1 2 |a A magyar föld urai   |h [elektronikus dokumentum] :  |b regény /  |c  Móricz Pál 
260 |a Engel Lajos kiadása  |b Szeged, Magyarország  |c 1898 
300 |a 335  |c 19 cm 
650 4 |a Bölcsészettudományok 
650 4 |a Nyelvek és irodalom 
650 4 |a Általános irodalomtudományok 
695 |a Magyar irodalom - regény 
856 4 0 |u http://misc.bibl.u-szeged.hu/57591/1/a_60249.pdf  |z Dokumentum-elérés